000 00584nam a2200241Ia 4500
003 OSt
005 20221005122910.0
006 a|||||r|||| 00| 0
007 ta
008 221004b |||||||| |||| 00| 0 tam d
024 _a48709
037 _cTextual
040 _aCRL
_cCRL
_btam
041 _2tam
_atam
082 _aO31,1N35x, M6
100 _aSethuraman
_9632795
245 0 _aKavidai kadiron
260 _c1986
300 _a336
_ccm.
650 _aTAMIL LITERATURE
942 _hO31,1N35x, M6
_cTEXL
_2cc
999 _c1045744
_d1045744